MARC details
| 000 -CABECERA |
| campo de control de longitud fija |
01860nam a2200265 i 4500 |
| 001 - NÚMERO DE CONTROL |
| campo de control |
000030307 |
| 003 - IDENTIFICADOR DEL NÚMERO DE CONTROL |
| campo de control |
DO-SdBNP |
| 005 - FECHA Y HORA DE LA ÚLTIMA TRANSACCIÓN |
| campo de control |
20240430150513.0 |
| 006 - CÓDIGOS DE INFORMACIÓN DE LONGITUD FIJA--CARACTERÍSTICAS DEL MATERIAL ADICIONAL |
| campo de control de longitud fija |
a||||gr|||| 00| 0 |
| 007 - CAMPO FIJO DE DESCRIPCIÓN FÍSICA--INFORMACIÓN GENERAL |
| campo de control de longitud fija |
ta |
| 008 - DATOS DE LONGITUD FIJA--INFORMACIÓN GENERAL |
| campo de control de longitud fija |
110509e1965 dr ac 000 0 spa d |
| 040 ## - FUENTE DE LA CATALOGACIÓN |
| Centro catalogador/agencia de origen |
DO-SdBNP |
| Lengua de catalogación |
spa |
| Centro/agencia transcriptor |
BNPHU |
| Normas de descripción |
rda |
| 049 ## - FONDOS LOCALES (OCLC) |
| Fondos de biblioteca |
BNPD |
| 082 #4 - NÚMERO DE LA CLASIFICACIÓN DECIMAL DEWEY |
| Número de documento/Ítem |
E82r |
| Número de edición |
22 |
| 100 1# - ENTRADA PRINCIPAL--NOMBRE DE PERSONA |
| Nombre de persona |
Estrella, Julio C. |
| Fechas asociadas al nombre |
1926- |
| 9 (RLIN) |
6441 |
| Término indicativo de función/relación |
autor |
| 245 13 - MENCIÓN DE TÍTULO |
| Título |
La revolución dominicana y la crisis de la OEA / |
| Mención de responsabilidad, etc. |
Julio C. Estrella. |
| 264 #1 - PRODUCCIÓN, PUBLICACIÓN, DISTRIBUCIÓN, FABRICACIÓN Y COPYRIGHT |
| Producción, publicación, distribución, fabricación y copyright |
Santo Domingo : |
| Nombre del de productor, editor, distribuidor, fabricante |
Revista Ahora, |
| Fecha de producción, publicación, distribución, fabricación o copyright |
1965. |
| 300 ## - DESCRIPCIÓN FÍSICA |
| Extensión |
67 páginas ; |
| Dimensiones |
23 cm. |
| 336 ## - TIPO DE CONTENIDO |
| Fuente |
rdacontent |
| Término de tipo de contenido |
texto |
| Código de tipo de contenido |
txt |
| 337 ## - TIPO DE MEDIO |
| Fuente |
rdamedia |
| Nombre/término del tipo de medio |
sinmediación |
| Código del tipo de medio |
n |
| 338 ## - TIPO DE SOPORTE |
| Fuente |
rdacarrier |
| Nombre/término del tipo de soporte |
volumen |
| Código del tipo de soporte |
nc |
| 505 ## - NOTA DE CONTENIDO CON FORMATO |
| Nota de contenido con formato |
Primera Parte. |
| Título |
Introducción.-- La Revolución.-- El Gobierno de Molina Ureña.-- El Gobierno de Caamaño Deñó.-- La Junta Militar de "San Isidro.-- El Gobierno de Imbert Barreras.-- El Grupo de Santiago.-- La Fórmula Guazmán.-- El Orden Público. |
| Información miscelánea |
Segunda Parte. |
| Título |
El desembarco de los Norteamericanos.-- Los Organismos.-- Internacionales.-- Las Reuniones de la OEA.-- El Consejo de Seguridad.-- Los Observadores de la O.N.U.-- Conflicto de Jurisdicción. |
| Información miscelánea |
Tercera Parte |
| Título |
La Reunión de Cancilleres.-- La Posición de los Gobiernos.-- Creación de la Fuerza Interamericana se Objeta a.-- Bonilla Atiles.-- La Posición del "Gobierno Constitucional". |
| Información miscelánea |
Cuarta Parte. |
| Título |
La Comisión Ad Hoc.-- La Crisis del 15 de Junio.-- Revaluación de la Situación Dominicana.-- Fideicomiso de Hecho.-- Violación de los Derechos Humanos.-- Las Conclusiones de los Criminólogos.-- Las Gestiones de la Comisión Ad Hoc.-- El Gobierno Provisional. |
| Información miscelánea |
Quinta Parte. |
| Título |
El Principio de la No Intervención.-- Tres Alternativas.-- Ofensiva Jurisprudencial.-- El Menor de dos Males.-- Nuevos Rumbos.-- Doctrinales. |
| -- |
Conclusión |
| 590 ## - NOTA LOCAL (RLIN) |
| Nota local |
Inventariado 2024 / MF |
| 942 ## - ELEMENTOS DE PUNTO DE ACCESO ADICIONAL (KOHA) |
| Fuente del sistema de clasificación o colocación |
Dewey Decimal Classification |
| Tipo de ítem Koha |
Libro |